000 00607nam a2200193 4500
001 112598
003 ES-MaACL
005 20250801131154.0
007 t|
008 061121s1970 sp r ||||1| spa d
245 0 3 _aLa novela criminal /
_cAntonio Gramsci [et al.]; edición y prólogo a cargo de Román Gubern.
260 _aBarcelona :
_bTusquets,
_c1970.
300 _a80 p. ;
_c18 cm.
490 1 _aCuadernos ínfimos ;
_v10
700 1 _aGramsci, Antonio,
_d1891-1937
_9241506
830 0 _aCuadernos ínfimos ;
_v10
_9180855
852 _aES-MaACL
_jC-48191
_bR.74297
999 _c112598
_d112598